[Event "Shymkent WGP 2024"]
[Site "Shymkent KAZ"]
[Date "2024.10.30"]
[Round "1.1"]
[White "Lagno, Kateryna"]
[Black "Goryachkina, Aleksandra"]
[Result "1/2-1/2"]
[WhiteTitle "GM"]
[BlackTitle "GM"]
[WhiteElo "2527"]
[BlackElo "2533"]
[WhiteFideId "14109336"]
[BlackFideId "4147103"]
[EventDate "2024.10.30"]

1. e4 e5 2. Nf3 Nc6 3. Bc4 Bc5 4. c3 Nf6 5. d3 d6 6. h3 a5 7. Nbd2 O-O 8. O-O
Ba7 9. Re1 Nh5 10. Nf1 Qf6 11. Ne3 Bxe3 12. Bxe3 Nf4 13. d4 g5 14. Nh2 Qg6 15.
f3 Kh8 16. Qd2 f6 17. Rac1 Ne7 18. b4 h5 19. Bf1 Rg8 20. bxa5 Qh6 21. Kh1 Rg6
22. c4 Qg7 23. c5 g4 24. hxg4 hxg4 25. fxg4 Bxg4 26. Bxf4 exf4 27. cxd6 cxd6 28.
Qxf4 Rxa5 29. Rc7 Bh3 30. Re2 Rag5 31. Qh4+ Rh6 32. Rxe7 Rxh4 33. Rxg7 Bxg2+ 34.
Bxg2 Rxg7 35. Kg1 d5 36. exd5 Rxd4 37. Kf2 b5 38. Rb2 Ra7 39. Nf1 Rda4 40. Rxb5
Rxa2+ 41. Kf3 R7a3+ 42. Ne3 Rxg2 43. Kxg2 Rxe3 44. Kf2 1/2-1/2

[Event "Shymkent WGP 2024"]
[Site "Shymkent KAZ"]
[Date "2024.10.30"]
[Round "1.3"]
[White "Tan, Zhongyi"]
[Black "Paehtz, Elisabeth"]
[Result "1-0"]
[WhiteTitle "GM"]
[BlackTitle "GM"]
[WhiteElo "2551"]
[BlackElo "2458"]
[WhiteFideId "8603642"]
[BlackFideId "4641833"]
[EventDate "2024.10.30"]

1. e4 c5 2. Nf3 d6 3. c3 Nf6 4. Be2 Bd7 5. d3 Nc6 6. O-O g6 7. Nbd2 Bg7 8. d4
cxd4 9. cxd4 O-O 10. h3 Rc8 11. a3 Qb6 12. Nc4 Qc7 13. d5 Na5 14. Ncd2 Nh5 15.
Re1 b5 16. Nb3 Nxb3 17. Qxb3 Qc2 18. Qxc2 Rxc2 19. Rb1 Rc7 20. Bd3 a6 21. Bg5
Nf6 22. Rbd1 Rfc8 23. Bb1 h6 24. Be3 Be8 25. Bb6 Rb7 26. Ba5 Nd7 27. Nd4 Nc5 28.
Ba2 Na4 29. Re2 Nb6 30. b3 Nd7 31. f4 Nf6 32. g4 Bd7 33. b4 Nxg4 34. Nc6 Kf8 35.
hxg4 Bxg4 36. Kf2 Bxe2 37. Kxe2 g5 38. fxg5 hxg5 39. Kd3 Bf6 40. Bb3 Kg7 41. Rh1
e6 42. Bd1 exd5 43. exd5 Re8 44. Bg4 Kg6 45. Rf1 Kg7 46. Rf2 Rh8 47. Bf5 Re8 48.
Rh2 Kg8 49. Re2 Rf8 50. Ke4 Kg7 51. Rh2 Re8+ 52. Kf3 Rf8 53. Kg4 Re8 54. Rh7+
Kg8 55. Rh6 Kg7 56. Rh5 Kg8 57. Rxg5+ Bxg5 58. Kxg5 Kg7 59. Bg4 Rh8 60. Nd4 Kf8
61. Bd8 Rg8+ 62. Kf4 Ke8 63. Nc6 f5 64. Bh5+ Kd7 65. Bf6 Rf8 66. Be7 Rbb8 67.
Bg6 Ra8 68. Bxf8 Rxf8 69. Bxf5+ Kc7 70. Kg5 Rg8+ 71. Kf6 Rg3 72. Nd4 Rxa3 73.
Ke7 Ra4 74. Ne6+ Kb6 75. Kxd6 Rxb4 76. Ke7 Rb2 77. d6 Rd2 78. Nf4 Rd4 79. d7 a5
80. Be6 Rxd7+ 81. Bxd7 Kc5 82. Ke6 a4 83. Ke5 Kc4 84. Be6+ Kc3 85. Nd5+ Kc4 86.
Nc7+ Kc3 87. Nxb5+ Kb2 88. Kd4 a3 89. Nc3 Kc2 90. Kc4 Kb2 91. Kb4 Kc2 92. Nb5
Kb2 93. Nxa3 Ka1 94. Nc4 Ka2 95. Kc3 Kb1 96. Nd2+ Ka1 97. Bf5 Ka2 98. Nb3 Ka3
99. Bb1 Ka4 100. Nd4 Ka5 101. Kc4 Kb6 102. Nb5 Kc6 103. Bf5 Kb6 104. Bd7 Ka5
105. Nc3 Kb6 106. Nd5+ Kb7 107. Kb5 1-0

[Event "Shymkent WGP 2024"]
[Site "Shymkent KAZ"]
[Date "2024.10.30"]
[Round "1.4"]
[White "Munguntuul, Batkhuyag"]
[Black "Tsolakidou, Stavroula"]
[Result "0-1"]
[WhiteTitle "IM"]
[BlackTitle "IM"]
[WhiteElo "2344"]
[BlackElo "2439"]
[WhiteFideId "4900758"]
[BlackFideId "4264312"]
[EventDate "2024.10.30"]

1. e4 e5 2. Nf3 Nc6 3. Bb5 a6 4. Ba4 Nge7 5. O-O Ng6 6. c3 d5 7. exd5 Qxd5 8. d4
Bg4 9. dxe5 O-O-O 10. Qxd5 Rxd5 11. Nbd2 Ncxe5 12. Nxe5 Nxe5 13. Bb3 Rd8 14. Ne4
f6 15. Be3 Nd3 16. f3 Bf5 17. Rad1 Be7 18. Rd2 Bxe4 19. fxe4 Nc5 20. Bc2 Rxd2
21. Bxd2 Bd6 22. Re1 h5 23. g3 Nd7 24. Kg2 h4 25. Bf4 Ne5 26. Bxe5 Bxe5 27. Rd1
hxg3 28. hxg3 c6 29. Bb3 Kc7 30. Be6 Bd6 31. Bg4 b5 32. b3 g5 33. Be2 Re8 34.
Kf3 Bc5 35. Bd3 Rd8 36. Be2 Rh8 37. Kg2 Re8 38. Bd3 a5 39. Kf3 Bd6 40. Bc2 Be5
41. Rd3 Rh8 42. Kg2 Kb6 43. Bd1 Kc5 44. Bg4 Ra8 45. Be6 Re8 46. Bg4 a4 47. b4+
Kb6 48. Kf2 Re7 49. Be2 Rc7 50. Ke1 Rh7 51. Kd2 Rh1 52. Bd1 Rg1 53. a3 Bxg3 54.
c4 bxc4 55. Rd7 Be5 56. Bxa4 Ra1 57. Bc2 Rxa3 58. Rg7 Rg3 59. Rf7 g4 60. Bd1
Rd3+ 61. Kc2 g3 62. Rg7 Bf4 63. Rg4 Rd2+ 64. Kc1 g2 65. Rxf4 Rxd1+ 0-1

[Event "Shymkent WGP 2024"]
[Site "Shymkent KAZ"]
[Date "2024.10.30"]
[Round "1.5"]
[White "Salimova, Nurgyul"]
[Black "Assaubayeva, Bibisara"]
[Result "0-1"]
[WhiteTitle "IM"]
[BlackTitle "IM"]
[WhiteElo "2405"]
[BlackElo "2487"]
[WhiteFideId "2915138"]
[BlackFideId "13708694"]
[EventDate "2024.10.30"]

1. d4 Nf6 2. Nf3 g6 3. g3 c5 4. Bg2 Bg7 5. c4 cxd4 6. Nxd4 Nc6 7. O-O h5 8. Nc3
h4 9. c5 hxg3 10. hxg3 Rh5 11. Nb3 d6 12. cxd6 Bh3 13. Bxh3 Rxh3 14. d7+ Nxd7
15. Bf4 Qc8 16. Kg2 Nf6 17. Rh1 Rxh1 18. Qxh1 Nh5 19. Be3 Ne5 20. f3 Nc4 21. Bf2
Nxb2 22. Ne4 Qe6 23. Rc1 b6 24. Qh4 Rc8 25. Rxc8+ Qxc8 26. Qg5 Nf6 27. Nxf6+
Bxf6 28. Qd5 Kf8 29. Nd4 Qc4 30. Qxc4 Nxc4 31. Nb5 a5 32. a4 Ke8 33. f4 Kd7 34.
e4 e6 35. e5 Be7 36. Kf3 Kc6 37. Bd4 Kd5 38. Bf2 Bc5 39. Be1 Nb2 40. Nc3+ Kc6
41. Ne4 Be7 0-1

[Event "Shymkent WGP 2024"]
[Site "Shymkent KAZ"]
[Date "2024.10.31"]
[Round "2.1"]
[White "Goryachkina, Aleksandra"]
[Black "Assaubayeva, Bibisara"]
[Result "1/2-1/2"]
[WhiteTitle "GM"]
[BlackTitle "IM"]
[WhiteElo "2533"]
[BlackElo "2487"]
[WhiteFideId "4147103"]
[BlackFideId "13708694"]
[EventDate "2024.10.30"]

1. e4 e5 2. Nf3 Nc6 3. Bb5 a6 4. Ba4 Nf6 5. O-O d6 6. Bxc6+ bxc6 7. Re1 Bg4 8.
h3 Bxf3 9. Qxf3 Nd7 10. Na3 g6 11. b4 Bg7 12. Nc4 c5 13. Ba3 cxb4 14. Bxb4 O-O
15. Rab1 Rb8 16. Qc3 Kh8 17. Ne3 f5 18. Nd5 c5 19. Ba5 Rxb1 20. Rxb1 Qh4 21. Qc4
fxe4 22. Rf1 Nf6 23. Bc7 Nxd5 24. Qxd5 Qf6 25. Qxd6 Qxd6 26. Bxd6 Rd8 27. Bxc5
Rc8 28. Be3 Rxc2 29. Rb1 Bf8 30. a4 Ra2 31. Rb8 Kg7 32. Rb7+ Kg8 33. Rb8 Kg7 34.
Rb7+ Kg8 35. Rb8 1/2-1/2

[Event "Shymkent WGP 2024"]
[Site "Shymkent KAZ"]
[Date "2024.10.31"]
[Round "2.2"]
[White "Tsolakidou, Stavroula"]
[Black "Salimova, Nurgyul"]
[Result "1/2-1/2"]
[WhiteTitle "IM"]
[BlackTitle "IM"]
[WhiteElo "2439"]
[BlackElo "2405"]
[WhiteFideId "4264312"]
[BlackFideId "2915138"]
[EventDate "2024.10.30"]

1. e4 e5 2. Nf3 Nc6 3. Bc4 Nf6 4. d3 h6 5. c3 Bc5 6. b4 Bb6 7. a4 a6 8. O-O d6
9. Nbd2 O-O 10. h3 Ne7 11. Re1 c6 12. Bb3 Ng6 13. a5 Bc7 14. d4 d5 15. exd5 exd4
16. c4 cxd5 17. Nxd4 Ne5 18. N2f3 Nxc4 19. Qc2 Bd7 20. Bxc4 dxc4 21. Qxc4 Rc8
22. Qb3 Re8 23. Bb2 Bb8 24. Rxe8+ Qxe8 25. Re1 Qf8 26. Bc3 Re8 27. b5 Rxe1+ 28.
Bxe1 axb5 29. Nxb5 Be6 30. Qb4 Bd5 31. Qxf8+ Kxf8 32. Bb4+ Ke8 33. Nfd4 Kd7 34.
Nf5 Ne8 35. f3 Bc4 36. Nc3 Ba7+ 37. Kh2 Ke6 38. g4 g6 39. Nxh6 Be3 40. Ng8 Bd2
41. h4 f6 42. Nd5 Bxd5 43. Bxd2 Bxf3 44. Kg3 Bd1 45. Bc3 Kf7 46. Nh6+ Ke6 47.
Ng8 Kf7 48. Nh6+ Ke6 1/2-1/2

[Event "Shymkent WGP 2024"]
[Site "Shymkent KAZ"]
[Date "2024.10.31"]
[Round "2.3"]
[White "Paehtz, Elisabeth"]
[Black "Munguntuul, Batkhuyag"]
[Result "0-1"]
[WhiteTitle "GM"]
[BlackTitle "IM"]
[WhiteElo "2458"]
[BlackElo "2344"]
[WhiteFideId "4641833"]
[BlackFideId "4900758"]
[EventDate "2024.10.30"]

1. e4 c6 2. d4 d5 3. Nd2 dxe4 4. Nxe4 Bf5 5. Ng3 Bg6 6. h4 h6 7. Nf3 Nd7 8. Bd3
Bxd3 9. Qxd3 e6 10. Bd2 Ngf6 11. O-O-O Be7 12. Qe2 O-O 13. Nf1 c5 14. g4 cxd4
15. g5 Nd5 16. gxh6 Qb6 17. Ng5 Ba3 0-1

[Event "Shymkent WGP 2024"]
[Site "Shymkent KAZ"]
[Date "2024.10.31"]
[Round "2.4"]
[White "Koneru, Humpy"]
[Black "Tan, Zhongyi"]
[Result "1/2-1/2"]
[WhiteTitle "GM"]
[BlackTitle "GM"]
[WhiteElo "2530"]
[BlackElo "2551"]
[WhiteFideId "5008123"]
[BlackFideId "8603642"]
[EventDate "2024.10.30"]

1. d4 Nf6 2. c4 e6 3. Nc3 Bb4 4. e3 b6 5. Ne2 Ba6 6. a3 Bxc3+ 7. Nxc3 d5 8. b3
O-O 9. Be2 c5 10. dxc5 bxc5 11. O-O Nc6 12. Na4 Qe7 13. cxd5 Bxe2 14. Qxe2 exd5
15. Qb5 Rfc8 16. Qxc5 Qe6 17. Qc3 Ne4 18. Qd3 Ne5 19. Qd1 Rc6 20. Bb2 Ng4 21.
Rc1 Rxc1 22. Bxc1 Ngxf2 23. Rxf2 Nxf2 24. Kxf2 Rc8 25. Bb2 Qf5+ 26. Kg1 Rc2 27.
Qf1 Qc8 28. Qd3 Qc6 29. Bc3 Rc1+ 30. Kf2 h6 31. h3 h5 32. Qd2 Rh1 33. Nb2 h4 34.
Nd3 Qg6 35. Nf4 Qb1 36. Qd3 Qxb3 37. Qd4 Qc2+ 38. Kf3 Rf1+ 39. Kg4 Rxf4+ 40.
Kxf4 Qxg2 41. Qxg7+ Qxg7 42. Bxg7 Kxg7 43. Kg5 a6 44. a4 a5 45. Kf5 f6 46. Ke6
Kg6 47. Kxd5 Kf5 48. Kd4 Ke6 49. Ke4 Kd6 50. Kf5 Kd5 51. Kxf6 Ke4 52. Kg5 Kxe3
53. Kxh4 Kf4 54. Kh5 Kf5 55. h4 Kf6 56. Kh6 Kf5 57. h5 Kf6 58. Kh7 Kf7 59. h6
Kf8 60. Kg6 Kg8 61. Kf6 Kh7 62. Ke5 Kxh6 63. Kd5 Kg6 64. Kc6 Kf6 65. Kb6 Ke6 66.
Kxa5 Kd7 67. Kb6 Kc8 68. Ka7 Kc7 69. a5 Kc8 70. a6 Kc7 1/2-1/2

[Event "Shymkent WGP 2024"]
[Site "Shymkent KAZ"]
[Date "2024.10.31"]
[Round "2.5"]
[White "Lagno, Kateryna"]
[Black "Divya, Deshmukh"]
[Result "1/2-1/2"]
[WhiteTitle "GM"]
[BlackTitle "IM"]
[WhiteElo "2527"]
[BlackElo "2501"]
[WhiteFideId "14109336"]
[BlackFideId "35006916"]
[EventDate "2024.10.30"]

1. e4 e6 2. d4 d5 3. exd5 exd5 4. Bd3 Nc6 5. c3 Nf6 6. Ne2 Bd6 7. O-O O-O 8. Ng3
Re8 9. Nf5 Bxf5 10. Bxf5 Ne7 11. Bc2 Ng6 12. Nd2 Nf4 13. Qf3 Qd7 14. g3 Ne2+ 15.
Kg2 Re7 16. Bf5 Qc6 17. Nb3 Nxc1 18. Raxc1 Qa6 19. Bb1 Rae8 20. Nd2 Qe2 21. Qxe2
Rxe2 22. Rcd1 Ng4 23. Kg1 h5 24. Bd3 R2e6 25. Nf3 g6 26. Rde1 Kg7 27. Rxe6 Rxe6
28. Re1 Kf6 29. Rxe6+ Kxe6 30. h3 Nf6 31. Ng5+ Ke7 32. Nf3 Nd7 33. Kf1 Kf6 34.
Ke2 Nf8 35. h4 Ne6 36. Bc2 c6 37. Bd3 Bc7 38. Bc2 Bd6 39. Bd3 Bc7 40. Bc2 Bd6 1/2-1/2

[Event "Shymkent WGP 2024"]
[Site "Shymkent KAZ"]
[Date "2024.11.01"]
[Round "3.1"]
[White "Divya, Deshmukh"]
[Black "Goryachkina, Aleksandra"]
[Result "0-1"]
[WhiteTitle "IM"]
[BlackTitle "GM"]
[WhiteElo "2501"]
[BlackElo "2533"]
[WhiteFideId "35006916"]
[BlackFideId "4147103"]
[EventDate "2024.10.30"]

1. e4 e5 2. Nf3 Nc6 3. Nc3 Nf6 4. d4 exd4 5. Nxd4 Bb4 6. Nxc6 bxc6 7. Bd3 O-O 8.
O-O d5 9. exd5 cxd5 10. h3 c6 11. Qf3 Re8 12. Bf4 Be6 13. Ne2 Bd6 14. Rfe1 Qb8
15. b3 Bd7 16. Qg3 Bxf4 17. Nxf4 Qb4 18. c3 Qa3 19. Red1 a5 20. Rd2 Re7 21. Rad1
Rae8 22. Kh2 Re5 23. c4 h6 24. cxd5 cxd5 25. Bb1 Bf5 26. Bxf5 Rxf5 27. f3 Rg5
28. Qh4 Qd6 29. Kh1 Rge5 30. Nd3 Re3 31. Qf4 Qb6 32. b4 axb4 33. Rb1 g5 34. Qf5
Qd6 35. Rdd1 Nh5 36. Kg1 Ng3 37. Qg4 Ne2+ 38. Kf2 Nc3 39. Qxb4 Qh2 40. Rg1 Rxd3 0-1

[Event "Shymkent WGP 2024"]
[Site "Shymkent KAZ"]
[Date "2024.11.01"]
[Round "3.2"]
[White "Tan, Zhongyi"]
[Black "Lagno, Kateryna"]
[Result "1-0"]
[WhiteTitle "GM"]
[BlackTitle "GM"]
[WhiteElo "2551"]
[BlackElo "2527"]
[WhiteFideId "8603642"]
[BlackFideId "14109336"]
[EventDate "2024.10.30"]

1. d4 d5 2. Nf3 Nf6 3. Bf4 c5 4. e3 Nc6 5. Nbd2 Nh5 6. dxc5 Nxf4 7. exf4 a5 8.
a4 Bg4 9. Bb5 e6 10. Nb3 Qc7 11. h3 Bxf3 12. Qxf3 g6 13. Qc3 Rg8 14. O-O Bg7 15.
Qf3 Kf8 16. c3 Bf6 17. Rfe1 Kg7 18. Rad1 Rgd8 19. Nd4 Rac8 20. Qe3 Kg8 21. g3
Ne7 22. b4 b6 23. Nxe6 fxe6 24. Qxe6+ Kg7 25. cxb6 Qxc3 26. bxa5 Qxa5 27. g4 h6
28. h4 Bxh4 29. g5 Nf5 30. Qf6+ Kh7 31. Qf7+ Kh8 32. Qf6+ Kh7 33. Re7+ Nxe7 34.
Qxe7+ Kh8 35. Qf6+ Kh7 36. f5 Rg8 37. fxg6+ Rxg6 38. Bd3 Rg8 39. Qf7+ Kh8 40.
Bxg6 Bxf2+ 41. Kg2 1-0

[Event "Shymkent WGP 2024"]
[Site "Shymkent KAZ"]
[Date "2024.11.01"]
[Round "3.3"]
[White "Munguntuul, Batkhuyag"]
[Black "Koneru, Humpy"]
[Result "0-1"]
[WhiteTitle "IM"]
[BlackTitle "GM"]
[WhiteElo "2344"]
[BlackElo "2530"]
[WhiteFideId "4900758"]
[BlackFideId "5008123"]
[EventDate "2024.10.30"]

1. e4 e5 2. Nf3 Nc6 3. Bb5 a6 4. Ba4 Nf6 5. O-O Bc5 6. d3 b5 7. Bb3 O-O 8. Bg5
h6 9. Bh4 Be7 10. a3 d6 11. Bxf6 Bxf6 12. Nc3 g6 13. Nd5 Bg7 14. c3 Kh8 15. Nd2
Na5 16. Ba2 f5 17. f4 c6 18. Ne3 Qb6 19. Qe2 fxe4 20. fxe5 Bg4 21. Qe1 exd3 22.
Rxf8+ Rxf8 23. exd6 Nb7 24. Kh1 Be2 25. Qg3 Nxd6 26. Rg1 Qc5 27. Bb1 Be5 28. Qh3
Bf4 29. Nef1 Qf5 30. g4 Qd5+ 31. Qg2 Nc4 32. Ne4 Ne3 0-1

[Event "Shymkent WGP 2024"]
[Site "Shymkent KAZ"]
[Date "2024.11.01"]
[Round "3.5"]
[White "Assaubayeva, Bibisara"]
[Black "Tsolakidou, Stavroula"]
[Result "1/2-1/2"]
[WhiteTitle "IM"]
[BlackTitle "IM"]
[WhiteElo "2487"]
[BlackElo "2439"]
[WhiteFideId "13708694"]
[BlackFideId "4264312"]
[EventDate "2024.10.30"]

1. Nf3 Nf6 2. c4 g6 3. Nc3 Bg7 4. d4 O-O 5. e4 d6 6. Be2 e5 7. d5 a5 8. Bg5 h6
9. Be3 Ng4 10. Bd2 f5 11. h3 Nf6 12. exf5 gxf5 13. g4 fxg4 14. hxg4 Nxg4 15. Ne4
Na6 16. Nh4 Nc5 17. Bxg4 Nxe4 18. Be3 Qf6 19. Bxc8 Raxc8 20. Qc2 Ng5 21. O-O-O
c6 22. Kb1 Rf7 23. f4 cxd5 24. fxg5 hxg5 25. Bxg5 Qxg5 26. Rxd5 Rf4 27. Qg6 Qf6
28. Rxd6 Rf1+ 29. Rd1 Qxg6+ 30. Nxg6 Rxh1 31. Rxh1 Rxc4 32. Re1 Rc5 33. Ne7+ Kf7
34. Nf5 Bf8 35. Ng3 Be7 36. Ne4 Rc6 37. Rc1 Rb6 38. Rc7 Ke6 39. Kc2 Rb4 40. Nc3
Bd6 41. Rh7 Be7 42. Rh6+ Bf6 43. Rh7 e4 44. a3 Rb6 45. Nxe4 Rxb2+ 46. Kc1 Bd4
47. Nc5+ Kd5 1/2-1/2

[Event "Shymkent WGP 2024"]
[Site "Shymkent KAZ"]
[Date "2024.11.02"]
[Round "4.1"]
[White "Goryachkina, Aleksandra"]
[Black "Tsolakidou, Stavroula"]
[Result "1-0"]
[WhiteTitle "GM"]
[BlackTitle "IM"]
[WhiteElo "2533"]
[BlackElo "2439"]
[WhiteFideId "4147103"]
[BlackFideId "4264312"]
[EventDate "2024.10.30"]

1. e4 c5 2. Nf3 Nc6 3. Bb5 e6 4. O-O Nge7 5. Re1 Nd4 6. Nxd4 cxd4 7. c3 a6 8.
Bf1 Nc6 9. b4 Bd6 10. Bb2 dxc3 11. dxc3 Qc7 12. h3 O-O 13. Nd2 b6 14. Nc4 Bh2+
15. Kh1 Bf4 16. Bc1 Rb8 17. a4 b5 18. Bxf4 Qxf4 19. Qd2 Qxd2 20. Nxd2 d6 21.
Red1 Rd8 22. Nb1 Kf8 23. axb5 axb5 24. Na3 Na7 25. Nc4 bxc4 26. Rxa7 Bb7 27. Rd4
d5 28. Bxc4 Bc6 29. exd5 exd5 30. Ba6 Rd6 31. Rc7 Rf6 32. f3 Rb6 33. Bd3 g6 34.
Kg1 Rb7 35. Rc8+ Ke7 36. Kf2 h5 37. h4 Kd7 38. Rh8 Kd6 39. Kg3 Ke5 40. Rc8 Kd6
41. Be4 Rb5 42. Rd8+ Ke5 43. f4+ Rxf4 44. Bxd5 1-0

[Event "Shymkent WGP 2024"]
[Site "Shymkent KAZ"]
[Date "2024.11.02"]
[Round "4.2"]
[White "Paehtz, Elisabeth"]
[Black "Assaubayeva, Bibisara"]
[Result "1/2-1/2"]
[WhiteTitle "GM"]
[BlackTitle "IM"]
[WhiteElo "2458"]
[BlackElo "2487"]
[WhiteFideId "4641833"]
[BlackFideId "13708694"]
[EventDate "2024.10.30"]

1. e4 c5 2. c3 Nf6 3. e5 Nd5 4. Nf3 d6 5. d4 cxd4 6. cxd4 Nc6 7. Bc4 Nb6 8. Bb5
dxe5 9. Nxe5 Bd7 10. Nxd7 Qxd7 11. Nc3 Rd8 12. O-O e6 13. Bg5 Be7 14. Bxe7 Qxe7
15. Qf3 O-O 16. Bxc6 bxc6 17. Rfd1 Qb4 18. Qxc6 Qxb2 19. Rab1 Qa3 20. Qc5 Qa6
21. Qb5 Qxb5 22. Nxb5 Nd5 23. Rb3 a6 24. Nc3 Nxc3 25. Rxc3 Rd5 26. Ra3 Rc8 27.
g3 a5 28. Rb1 g6 29. Rb2 Kg7 30. Re2 Rc4 31. Re5 a4 32. Rxd5 exd5 33. Rd3 Kf6
34. Kg2 Rc2 35. Ra3 Rc4 36. Rd3 Rc2 37. Ra3 Rc4 1/2-1/2

[Event "Shymkent WGP 2024"]
[Site "Shymkent KAZ"]
[Date "2024.11.02"]
[Round "4.3"]
[White "Koneru, Humpy"]
[Black "Salimova, Nurgyul"]
[Result "1-0"]
[WhiteTitle "GM"]
[BlackTitle "IM"]
[WhiteElo "2530"]
[BlackElo "2405"]
[WhiteFideId "5008123"]
[BlackFideId "2915138"]
[EventDate "2024.10.30"]

1. c4 e6 2. Nc3 d5 3. d4 Nf6 4. cxd5 exd5 5. Bg5 Be7 6. e3 O-O 7. Bd3 Re8 8. Nf3
h6 9. Bf4 c5 10. dxc5 Bxc5 11. O-O Nc6 12. h3 a6 13. Rc1 Ba7 14. Ne2 Ne4 15.
Ned4 Nxd4 16. exd4 g5 17. Bc7 Qf6 18. Be5 Qb6 19. Bxe4 dxe4 20. Nd2 Qg6 21. Qb3
Be6 22. Qxb7 f6 23. Bc7 Bxd4 24. Nxe4 Ra7 25. Qc6 Rxc7 26. Nxf6+ Bxf6 27. Qxc7
g4 28. hxg4 Bxg4 29. Qc6 Rf8 30. Qd5+ Kh8 31. Rc6 Qg7 32. b4 Bh4 33. Qd6 h5 34.
f3 Bf6 35. Rc7 Bd4+ 36. Kh1 Be5 37. Rxg7 Bxd6 38. Rg6 Bg3 39. Rxa6 Bf5 40. Rd1
Kg7 41. b5 Re8 42. b6 Re2 43. Ra5 Kf6 44. a4 h4 45. b7 h3 46. Rg1 Bd7 47. Ra6+
Kf5 48. Rb6 Bb8 49. a5 Ra2 50. a6 Kf4 51. Rf6+ Ke3 52. Rf8 hxg2+ 53. Rxg2 Ra1+
54. Rg1 Rxa6 55. Rxb8 Rh6+ 56. Kg2 Rg6+ 57. Kh2 Rh6+ 58. Kg3 Rg6+ 59. Kh4 Rxg1
60. Re8+ Bxe8 61. b8=Q Rh1+ 62. Kg3 Bh5 63. Qf4+ Kd3 64. Kg2 1-0

[Event "Shymkent WGP 2024"]
[Site "Shymkent KAZ"]
[Date "2024.11.02"]
[Round "4.4"]
[White "Lagno, Kateryna"]
[Black "Munguntuul, Batkhuyag"]
[Result "0-1"]
[WhiteTitle "GM"]
[BlackTitle "IM"]
[WhiteElo "2527"]
[BlackElo "2344"]
[WhiteFideId "14109336"]
[BlackFideId "4900758"]
[EventDate "2024.10.30"]

1. e4 c6 2. d4 d5 3. e5 Bf5 4. Nf3 e6 5. Nbd2 c5 6. Bb5+ Nc6 7. Bxc6+ bxc6 8.
O-O Bg4 9. c4 Qd7 10. Qa4 Rb8 11. dxc5 Bxf3 12. Nxf3 Bxc5 13. cxd5 cxd5 14. Qg4
f5 15. Qg3 h6 16. h4 Rb4 17. Bf4 Kf7 18. Rac1 Bb6 19. b3 Ne7 20. h5 Rg8 21. Qh2
a5 22. Ne1 g5 23. hxg6+ Nxg6 24. Nd3 Nxf4 25. Nxf4 Rg4 26. Qh5+ Kg7 27. Nd3 Rh4
28. Qf3 Rbg4 29. Nc5 Qe7 30. Na4 Rh5 31. Rfd1 Qh4 32. Kf1 Rf4 33. Nxb6 Rxf3 34.
gxf3 Qf4 35. Rc7+ Kg6 36. Nd7 Rh1+ 37. Ke2 Rxd1 38. Kxd1 Qxf3+ 39. Ke1 d4 40.
Nf8+ Kh5 41. Nxe6 d3 0-1

[Event "Shymkent WGP 2024"]
[Site "Shymkent KAZ"]
[Date "2024.11.02"]
[Round "4.5"]
[White "Divya, Deshmukh"]
[Black "Tan, Zhongyi"]
[Result "1/2-1/2"]
[WhiteTitle "IM"]
[BlackTitle "GM"]
[WhiteElo "2501"]
[BlackElo "2551"]
[WhiteFideId "35006916"]
[BlackFideId "8603642"]
[EventDate "2024.10.30"]

1. d4 Nf6 2. Nf3 g6 3. c4 Bg7 4. Nc3 O-O 5. e4 d6 6. Be2 e5 7. O-O Na6 8. Be3
Qe7 9. c5 exd4 10. cxd6 cxd6 11. Bxd4 Nc5 12. Re1 Ncxe4 13. Bc4 Nxc3 14. Rxe7
Nxd1 15. Rxd1 b6 16. Bb3 a5 17. a4 Bg4 18. h3 Bxf3 19. gxf3 Rab8 20. Ra7 b5 21.
Rxa5 bxa4 22. Bxa4 Nh5 23. b3 Nf4 24. Bxg7 Kxg7 25. Rxd6 Nxh3+ 26. Kh2 Nf4 27.
Bb5 Rb7 28. Bc4 h6 29. Ra4 g5 30. b4 Re8 31. b5 Re1 32. b6 Rb1 33. Ra6 h5 34.
Ra5 f6 35. Rb5 Rc1 36. Bd5 Nxd5 37. Rbxd5 Rb1 38. f4 gxf4 39. Rxh5 R1xb6 40.
Rxb6 Rxb6 41. Rf5 1/2-1/2

[Event "Shymkent WGP 2024"]
[Site "Shymkent KAZ"]
[Date "2024.11.03"]
[Round "5.1"]
[White "Tan, Zhongyi"]
[Black "Goryachkina, Aleksandra"]
[Result "0-1"]
[WhiteTitle "GM"]
[BlackTitle "GM"]
[WhiteElo "2551"]
[BlackElo "2533"]
[WhiteFideId "8603642"]
[BlackFideId "4147103"]
[EventDate "2024.10.30"]

1. e4 e5 2. Nf3 Nc6 3. Bc4 Bc5 4. d3 Nf6 5. Nc3 h6 6. h3 a6 7. Be3 d6 8. Bxc5
dxc5 9. a4 Be6 10. Bxe6 fxe6 11. O-O Qe7 12. Nb1 g5 13. Nbd2 g4 14. hxg4 Nxg4
15. g3 O-O-O 16. Kg2 Rdf8 17. c3 h5 18. Rh1 Qg7 19. Rh3 Ne7 20. Qb3 Rf6 21. Rf1
Rhf8 22. Kg1 Rxf3 23. Qxe6+ Kb8 24. Nxf3 Rxf3 25. Rxh5 Rxd3 26. Rh3 Rd6 27. Qc4
Rd2 28. Qxc5 Ng6 29. Rh5 Nf4 30. Rh4 Nxf2 31. Qe3 N4h3+ 32. Rxh3 Nxh3+ 33. Kh1
Rd8 34. Rf5 Rh8 0-1

[Event "Shymkent WGP 2024"]
[Site "Shymkent KAZ"]
[Date "2024.11.03"]
[Round "5.2"]
[White "Munguntuul, Batkhuyag"]
[Black "Divya, Deshmukh"]
[Result "0-1"]
[WhiteTitle "IM"]
[BlackTitle "IM"]
[WhiteElo "2344"]
[BlackElo "2501"]
[WhiteFideId "4900758"]
[BlackFideId "35006916"]
[EventDate "2024.10.30"]

1. e4 e5 2. Nf3 Nc6 3. Bb5 a6 4. Ba4 Nf6 5. O-O Be7 6. d3 b5 7. Bb3 d6 8. a3 a5
9. Nc3 a4 10. Ba2 Rb8 11. Nd5 Nxd5 12. Bxd5 Bd7 13. c3 O-O 14. Be3 Na5 15. d4
Bf6 16. dxe5 dxe5 17. Qe2 c6 18. Ba2 Qe7 19. Rad1 Be6 20. Bxe6 Qxe6 21. Ne1 Be7
22. Nd3 Nc4 23. Bc5 Rbd8 24. Bxe7 Qxe7 25. Nb4 Qc7 26. h3 h6 27. Kh1 Rfe8 28.
Kh2 Qc8 29. Rfe1 Qe6 30. Na6 Qf6 31. Nb4 Kh7 32. g3 Qe6 33. Na6 Qc8 34. Nc5 Qa8
35. Rxd8 Rxd8 36. Rd1 Rxd1 37. Qxd1 Qa7 38. Nd3 Nxb2 39. Nxb2 Qxf2+ 40. Kh1 Qxb2
41. Qd7 Qb1+ 42. Kh2 Qa2+ 43. Kg1 Qxa3 44. Qxf7 Qc1+ 45. Kg2 Qc2+ 0-1

[Event "Shymkent WGP 2024"]
[Site "Shymkent KAZ"]
[Date "2024.11.03"]
[Round "5.3"]
[White "Salimova, Nurgyul"]
[Black "Lagno, Kateryna"]
[Result "1/2-1/2"]
[WhiteTitle "IM"]
[BlackTitle "GM"]
[WhiteElo "2405"]
[BlackElo "2527"]
[WhiteFideId "2915138"]
[BlackFideId "14109336"]
[EventDate "2024.10.30"]

1. d4 d5 2. Nf3 e6 3. c4 Nf6 4. Nc3 Be7 5. Bg5 h6 6. Bh4 O-O 7. e3 b6 8. Bd3
dxc4 9. Bxc4 Bb7 10. Qc2 Nbd7 11. Rd1 Rc8 12. Bg3 Bd6 13. O-O Bxg3 14. hxg3 c5
15. d5 exd5 16. Nxd5 Nxd5 17. Bxd5 Qc7 18. Bxb7 Qxb7 19. Nh4 Nf6 20. Nf5 Rcd8
21. Qc3 Rxd1 22. Rxd1 Qe4 23. Qd3 Qe6 24. b3 b5 25. Nh4 c4 26. bxc4 bxc4 27. Qd4
Rc8 28. Rc1 Ne4 29. f3 Nxg3 30. Kf2 Nh5 31. g4 Nf6 32. Qxa7 Rd8 33. Qa5 Rd5 34.
Qb4 Rd3 35. Ng2 Nd5 36. Qxc4 Rd2+ 37. Kf1 Rxa2 38. Qc8+ Qxc8 39. Rxc8+ Kh7 40.
Rc5 Nb4 41. Nf4 Ra3 42. Ke2 Ra2+ 43. Kf1 Ra3 44. Ke2 Ra2+ 1/2-1/2